书目信息 |
| 题名: |
生物科学文献信息获取与论文写作
|
|
| 作者: | 蒋悟生 , 顾颉刚 著 | |
| 分册: | ||
| 出版信息: | 北京 高等教育出版社 2006 |
|
| 页数: | 208页 | |
| 开本: | 26cm | |
| 丛书名: | ||
| 单 册: | ||
| 中图分类: | G252.7 , H152.3 | |
| 科图分类: | ||
| 主题词: | 生物学--情报检索--高等学校--教材 , 生物学--论文--写作--高等学校--教材 | |
| 电子资源: | ||
| ISBN: | 978-7-04-018664-2 | |
| 000 | 01041nam0 2200277 45 | |
| 001 | 1138567547 | |
| 005 | 20110419092703.85 | |
| 010 | @a978-7-04-018664-2@dCNY25.00 | |
| 100 | @a20110408e20102006ekmy0chiy0121 ea | |
| 101 | 0 | @achi@aeng |
| 102 | @aCN@b110000 | |
| 105 | @aa a 000yy | |
| 106 | @ar | |
| 200 | 1 | @a生物科学文献信息获取与论文写作@ASheng Wu Ke Xue Wen Xian Xin Xi Huo Qu Yu Lun Wen Xie Zuo@f蒋悟生, 顾颉刚著@FJiang Wu Sheng , Gu Jie Gang Zhu |
| 210 | @a北京@c高等教育出版社@d2006@h2010 | |
| 215 | @a208页@c图@d26cm@e附光盘1片 | |
| 307 | @a附光盘:ISBN978-7-89489-058-0 | |
| 330 | @a本书内容包括科学研究与文献信息,文献信息基础知识,国际重要文献检索工具,生物科学文献信息的获取,获取文献信息的技巧,如何写项目申请书等。 | |
| 606 | 0 | @a生物学@x情报检索@x高等学校@j教材 |
| 606 | 0 | @a生物学@x论文@x写作@x高等学校@j教材 |
| 690 | @aG252.7@v4 | |
| 690 | @aH152.3@v4 | |
| 701 | 0 | @a蒋悟生@AJiang Wu Sheng@4著 |
| 701 | 0 | @a顾颉刚@AGu Jie Gang@4著 |
| 801 | 0 | @aCN@bTANGWEI@c20110419 |
| 905 | @b0536954-58@dG252.7@e85@f5 | |
| 生物科学文献信息获取与论文写作/蒋悟生, 顾颉刚著.-北京:高等教育出版社,2006(2010) |
| 208页:图;26cm+附光盘1片 |
| ISBN 978-7-04-018664-2:CNY25.00 |
| 本书内容包括科学研究与文献信息,文献信息基础知识,国际重要文献检索工具,生物科学文献信息的获取,获取文献信息的技巧,如何写项目申请书等。 |
| ● |
| 相关链接 |
|
|
|
|
正题名:生物科学文献信息获取与论文写作
索取号:G252.7/85
 
预约/预借
| 序号 | 登录号 | 条形码 | 馆藏地/架位号 | 状态 | 备注 |
| 1 | 0536954 | 205369545 | 第一样本阅览室/ [索取号:G252.7/85] | 在馆 | |
| 2 | 0536955 | 205369554 | 第四借阅区/ [索取号:G252.7/85] | 在馆 | |
| 3 | 0536956 | 205369563 | 第四借阅区/ [索取号:G252.7/85] | 在馆 | |
| 4 | 0536957 | 205369572 | 第四借阅区/ [索取号:G252.7/85] | 在馆 | |
| 5 | 0536958 | 205369581 | 第四借阅区/ [索取号:G252.7/85] | 在馆 |